00516 2200193 4500001002100000005001500021035002000036007000300056008004100059082000800100084001400108100002600122245007000148250001100218260003300229300004200262650001000304600000800314INLIS00000000000055620221116105307 a0010-1122000150ta221116 b 0 ind  a503 a503 YUD k0 aYudhistira Ikranegara1 aKamus IPA :bSD Kelas III, IV, V, dan Vi /cYudhistira Ikranegara aCet. I aJakarta :bSandro Jaya,c--- a160 :bilustrasi tidak berwarna ;c20 4aKamus 4aIPA